Countries with embassies and consulates in Panama - Statistics

General Stats
  • This quiz has been taken 31 times
  • The average score is 38 of 45
Answer Stats
Continent Country % Correct
South America Argentina
100%
South America Brazil
100%
Europe United Kingdom
100%
South America Bolivia
96%
South America Chile
96%
North America Cuba
96%
Europe France
96%
Asia India
96%
North America Mexico
96%
South America Peru
96%
North America United States of America
96%
North America Costa Rica
92%
South America Ecuador
92%
Europe Germany
92%
North America Guatemala
92%
Europe Italy
92%
North America Nicaragua
92%
South America Paraguay
92%
Asia/ Europe Russia
92%
South America Uruguay
92%
Asia China
88%
South America Colombia
88%
North America Dominican Republic
88%
North America El Salvador
88%
North America Haiti
88%
North America Honduras
88%
Asia Israel
88%
Asia South Korea
88%
Europe Spain
88%
South America Venezuela
88%
Europe Belgium
84%
Africa Egypt
84%
Asia Indonesia
84%
Asia Japan
84%
Asia/ Europe Turkey
84%
Europe the Netherlands
80%
Africa Morocco
76%
North America Trinidad and Tobago
76%
Europe Poland
68%
Asia Vietnam
68%
Europe Vatican City
60%
Africa Libya
52%
Asia Qatar
52%
Europe Kosovo
36%
Africa Western Sahara
28%
No matching quizzes found
Score Distribution
Percent of People with Each Score
Percentile by Number Answered
Your Score History
You have not taken this quiz